[Event "HUN-ch Rapid 2018"]
[Site "Ajka"]
[Date "2018.07.20"]
[Round "5"]
[White "Gledura, Benjamin"]
[Black "Mihok, Oliver"]
[Result "0-1"]
[WhiteElo "2574"]
[BlackElo "2426"]
[Annotator "ChessBase"]
[PlyCount "74"]
[EventDate "2018.07.20"]
[EventType "swiss"]
[EventCountry "HUN"]
[SourceTitle "playchess.com"]
[Source "ChessBase"]
[SourceQuality "1"]
[TimeControl "1200+5"]

1. d4 {[%emt 0:00:03]} Nf6 {[%emt 0:00:03]} 2. c4 {[%emt 0:00:03]} g6 {[%emt 0:00:01]} 3. g3 {[%emt 0:00:10]} Bg7 {[%emt 0:00:03]} 4. Bg2 {[%emt 0:00:01]} O-O {[%emt 0:00:04]} 5. Nc3 {[%emt 0:00:04]} d6 {[%emt 0:00:03]} 6. Nf3 {[%emt 0:00:02]} Nbd7 {[%emt 0:00:08]} 7. O-O {[%emt 0:00:03]} e5 {[%emt 0:00:01]} 8. e4 {[%emt 0:00:14]} exd4 {[%emt 0:00:05]} 9. Nxd4 {[%emt 0:00:02]} Re8 {[%emt 0:00:02]} 10. h3 {[%emt 0:00:32]} a6 {[%emt 0:00:11]} 11. Bf4 {[%emt 0:00:39]} Rb8 {[%emt 0:00:34]} 12. Rc1 {[%emt 0:00:52]} Ne5 {[%emt 0:00:30]} 13. b3 {[%emt 0:00:29]} c5 {[%emt 0:01:12]} 14. Nf3 {[%emt 0:00:20]} Nfd7 {[%emt 0:00:25]} 15. Qxd6 {[%emt 0:02:24]} Nxf3+ {[%emt 0:00:35]} 16. Bxf3 {[%emt 0:00:02]} g5 {[%emt 0:00:05]} 17. Be3 {[%emt 0:03:08]} Ne5 {[%emt 0:00:48]} 18. Qxd8 {[%emt 0:01:25]} Nxf3+ {[%emt 0:00:02]} 19. Kg2 {[%emt 0:00:00]} Rxd8 {[%emt 0:02:07]} 20. Kxf3 {[%emt 0:00:03]} Bxh3 {[%emt 0:00:15]} 21. Nd5 {[%emt 0:00:28]} g4+ {[%emt 0:00:48]} 22. Ke2 {[%emt 0:00:08]} Bxf1+ {[%emt 0:00:10]} 23. Rxf1 {[%emt 0:00:06]} Re8 {[%emt 0:00:47]} 24. Kd3 {[%emt 0:00:08]} b5 {[%emt 0:01:22]} 25. cxb5 {[%emt 0:01:45]} Rxb5 {[%emt 0:00:25]} 26. Rh1 {[%emt 0:00:37]} Ra5 {[%emt 0:01:06]} 27. Rh4 {[%emt 0:01:05]} c4+ {[%emt 0:00:03]} 28. bxc4 {[%emt 0:01:48]} Ra3+ {[%emt 0:00:01]} 29. Ke2 {[%emt 0:00:08]} Rxa2+ {[%emt 0:00:17]} 30. Kd3 {[%emt 0:00:08]} Ra3+ {[%emt 0:00:03]} 31. Ke2 {[%emt 0:00:02]} Rxe4 {[%emt 0:00:07]} 32. c5 {[%emt 0:00:02]} Rc4 {[%emt 0:02:39]} 33. c6 {[%emt 0:00:05]} Be5 {[%emt 0:02:50]} 34. Rh5 {[%emt 0:01:52]} f6 {[%emt 0:00:07]} 35. Bb6 {[%emt 0:01:22]} Rc2+ {[%emt 0:00:19]} 36. Kf1 {[%emt 0:00:29]} Ra1+ {[%emt 0:00:27]} 37. Kg2 {[%emt 0:00:03]} Rcc1 {[%emt 0:00:08]} 0-1

[Event "HUN-ch Rapid 2018"]
[Site "Ajka"]
[Date "2018.07.20"]
[Round "5"]
[White "Papp, Gabor"]
[Black "Horvath, Peter"]
[Result "1-0"]
[WhiteElo "2574"]
[BlackElo "2438"]
[Annotator "ChessBase"]
[PlyCount "91"]
[EventDate "2018.07.20"]
[EventType "swiss"]
[EventCountry "HUN"]
[SourceTitle "playchess.com"]
[Source "ChessBase"]
[SourceQuality "1"]
[TimeControl "1200+5"]

1. e4 {[%emt 0:00:02]} c5 {[%emt 0:00:02]} 2. Nf3 {[%emt 0:00:03]} Nc6 {[%emt 0:00:01]} 3. Bb5 {[%emt 0:00:12]} g6 {[%emt 0:00:03]} 4. Bxc6 {[%emt 0:00:03]} dxc6 {[%emt 0:00:02]} 5. d3 {[%emt 0:00:06]} Bg7 {[%emt 0:00:05]} 6. Nc3 {[%emt 0:00:08]} Nf6 {[%emt 0:00:04]} 7. h3 {[%emt 0:00:01]} O-O {[%emt 0:00:17]} 8. Be3 {[%emt 0:00:04]} b6 {[%emt 0:00:01]} 9. Qd2 {[%emt 0:00:03]} e5 {[%emt 0:00:06]} 10. Bh6 {[%emt 0:00:30]} Qd6 {[%emt 0:00:20]} 11. O-O-O {[%emt 0:00:27]} b5 {[%emt 0:00:31]} 12. Ne2 {[%emt 0:00:41]} a5 {[%emt 0:01:20]} 13. Bxg7 {[%emt 0:02:26]} Kxg7 {[%emt 0:00:04]} 14. h4 {[%emt 0:00:12]} h5 {[%emt 0:03:28]} 15. Ng5 {[%emt 0:00:02]} Ng4 {[%emt 0:01:05]} 16. Rdf1 {[%emt 0:00:21]} f6 {[%emt 0:00:07]} 17. Nh3 {[%emt 0:00:17]} Be6 {[%emt 0:00:48]} 18. f3 {[%emt 0:00:20]} Nh6 {[%emt 0:00:05]} 19. Kb1 {[%emt 0:00:42]} a4 {[%emt 0:04:27]} 20. f4 {[%emt 0:00:42]} Bg4 {[%emt 0:00:14]} 21. fxe5 {[%emt 0:01:40]} Qxe5 {[%emt 0:00:16]} 22. Nhf4 {[%emt 0:01:30]} b4 {[%emt 0:00:41]} 23. c4 {[%emt 0:02:09]} a3 {[%emt 0:00:58]} 24. Nc1 {[%emt 0:00:16]} Rf7 {[%emt 0:00:48]} 25. Rf2 {[%emt 0:00:14]} Rfa7 {[%emt 0:01:42]} 26. Rhf1 {[%emt 0:00:27]} Ng8 {[%emt 0:00:44]} 27. Qe3 {[%emt 0:00:32]} Qd4 {[%emt 0:02:27]} 28. Qxd4 {[%emt 0:01:16]} cxd4 {[%emt 0:00:02]} 29. Nb3 {[%emt 0:00:03]} g5 {[%emt 0:00:28]} 30. hxg5 {[%emt 0:00:22]} fxg5 {[%emt 0:00:01]} 31. Nh3 {[%emt 0:00:03]} axb2 {[%emt 0:00:12]} 32. Rxb2 {[%emt 0:00:03]} Kg6 {[%emt 0:00:10]} 33. Nxd4 {[%emt 0:00:07]} c5 {[%emt 0:00:13]} 34. Nc6 {[%emt 0:00:11]} Ra3 {[%emt 0:00:12]} 35. Ne5+ {[%emt 0:00:02]} Kh6 {[%emt 0:00:05]} 36. Nf7+ {[%emt 0:01:35]} Kg6 {[%emt 0:00:04]} 37. Ne5+ {[%emt 0:00:48]} Kh6 {[%emt 0:00:02]} 38. Nf2 {[%emt 0:00:44]} Be6 {[%emt 0:00:14]} 39. Nd1 {[%emt 0:00:11]} Re8 {[%emt 0:00:29]} 40. Ne3 {[%emt 0:00:25]} g4 {[%emt 0:00:02]} 41. Rb3 {[%emt 0:00:14]} Ra6 {[%emt 0:00:10]} 42. g3 {[%emt 0:00:03]} Ne7 {[%emt 0:00:12]} 43. Rb2 {[%emt 0:00:08]} Kg7 {[%emt 0:00:03]} 44. Rh2 {[%emt 0:00:04]} Ng6 {[%emt 0:00:02]} 45. Rxh5 {[%emt 0:00:12]} Bg8 {[%emt 0:00:09]} 46. Nxg6 {[%emt 0:00:05]} 1-0

[Event "HUN-ch Rapid 2018"]
[Site "Ajka"]
[Date "2018.07.20"]
[Round "5"]
[White "Czebe, Attila"]
[Black "Papp, Petra"]
[Result "1-0"]
[WhiteElo "2488"]
[BlackElo "2287"]
[Annotator "ChessBase"]
[PlyCount "117"]
[EventDate "2018.07.20"]
[EventType "swiss"]
[EventCountry "HUN"]
[SourceTitle "playchess.com"]
[Source "ChessBase"]
[SourceQuality "1"]
[TimeControl "1200+5"]

1. Nf3 {[%emt 0:00:01]} c5 {[%emt 0:00:07]} 2. b3 {[%emt 0:00:03]} Nf6 {[%emt 0:00:17]} 3. Bb2 {[%emt 0:00:01]} g6 {[%emt 0:00:01]} 4. g3 {[%emt 0:00:12]} Bg7 {[%emt 0:00:04]} 5. Bg2 {[%emt 0:00:01]} O-O {[%emt 0:00:02]} 6. O-O {[%emt 0:00:03]} d5 {[%emt 0:00:26]} 7. Qc1 {[%emt 0:01:26]} Nc6 {[%emt 0:00:34]} 8. Ne5 {[%emt 0:00:02]} Qd6 {[%emt 0:00:52]} 9. Nxc6 {[%emt 0:00:08]} bxc6 {[%emt 0:00:08]} 10. Nc3 {[%emt 0:00:37]} e5 {[%emt 0:00:25]} 11. e4 {[%emt 0:00:16]} d4 {[%emt 0:00:40]} 12. Na4 {[%emt 0:00:08]} Be6 {[%emt 0:00:46]} 13. Ba3 {[%emt 0:00:07]} Nd7 {[%emt 0:00:16]} 14. c3 {[%emt 0:01:09]} d3 {[%emt 0:00:29]} 15. Qe1 {[%emt 0:01:01]} Bh6 {[%emt 0:00:21]} 16. Qd1 {[%emt 0:01:30]} f5 {[%emt 0:00:39]} 17. Qf3 {[%emt 0:00:14]} f4 {[%emt 0:00:54]} 18. g4 {[%emt 0:00:14]} Rfd8 {[%emt 0:00:19]} 19. Rfe1 {[%emt 0:01:02]} Bf8 {[%emt 0:00:20]} 20. h4 {[%emt 0:01:19]} Qc7 {[%emt 0:00:45]} 21. g5 {[%emt 0:00:31]} c4 {[%emt 0:01:20]} 22. Bxf8 {[%emt 0:00:04]} Nxf8 {[%emt 0:00:34]} 23. Nc5 {[%emt 0:00:02]} Qe7 {[%emt 0:01:46]} 24. Nxe6 {[%emt 0:00:03]} Qxe6 {[%emt 0:00:02]} 25. Bh3 {[%emt 0:00:06]} Qf7 {[%emt 0:00:05]} 26. Rab1 {[%emt 0:00:07]} Rab8 {[%emt 0:00:14]} 27. bxc4 {[%emt 0:00:34]} Qxc4 {[%emt 0:00:31]} 28. a3 {[%emt 0:05:21]} a5 {[%emt 0:01:19]} 29. Rxb8 {[%emt 0:01:02]} Rxb8 {[%emt 0:00:01]} 30. Bf1 {[%emt 0:00:02]} Rd8 {[%emt 0:00:48]} 31. Rb1 {[%emt 0:00:04]} Ne6 {[%emt 0:02:39]} 32. Rb6 {[%emt 0:00:01]} Nc5 {[%emt 0:02:12]} 33. Rxc6 {[%emt 0:00:11]} Qxe4 {[%emt 0:00:51]} 34. Bg2 {[%emt 0:00:45]} Qxf3 {[%emt 0:00:28]} 35. Bxf3 {[%emt 0:00:02]} Nb3 {[%emt 0:00:05]} 36. c4 {[%emt 0:00:08]} Nxd2 {[%emt 0:00:10]} 37. Bd5+ {[%emt 0:00:01]} Kf8 {[%emt 0:01:03]} 38. Rc7 {[%emt 0:04:10]} e4 {[%emt 0:00:12]} 39. Rf7+ {[%emt 0:00:10]} Ke8 {[%emt 0:00:01]} 40. Rxf4 {[%emt 0:00:01]} Nf3+ {[%emt 0:00:26]} 41. Kf1 {[%emt 0:00:00]} d2 {[%emt 0:00:06]} 42. Rxe4+ {[%emt 0:00:14]} Kd7 {[%emt 0:00:04]} 43. Ke2 Rf8 44. Re3 {[%emt 0:00:16]} Nd4+ {[%emt 0:00:11]} 45. Kxd2 {[%emt 0:00:02]} Rxf2+ {[%emt 0:00:02]} 46. Kc3 {[%emt 0:00:08]} Ne2+ {[%emt 0:00:02]} 47. Kb3 {[%emt 0:00:01]} Nf4 {[%emt 0:00:06]} 48. Rf3 {[%emt 0:00:07]} Rxf3+ {[%emt 0:00:11]} 49. Bxf3 {[%emt 0:00:01]} Nd3 {[%emt 0:00:04]} 50. Ka4 {[%emt 0:00:13]} Kd6 {[%emt 0:00:02]} 51. Kxa5 {[%emt 0:00:07]} Kc5 {[%emt 0:00:02]} 52. Bd5 {[%emt 0:00:01]} Ne5 {[%emt 0:00:12]} 53. a4 {[%emt 0:00:08]} Nd7 {[%emt 0:00:03]} 54. Ka6 {[%emt 0:00:01]} Ne5 {[%emt 0:00:07]} 55. a5 {[%emt 0:00:01]} Nd7 {[%emt 0:00:02]} 56. Kb7 {[%emt 0:00:01]} Kb4 {[%emt 0:00:05]} 57. a6 {[%emt 0:00:01]} Nc5+ {[%emt 0:00:08]} 58. Kb6 {[%emt 0:00:01]} Na4+ 59. Kc6 1-0

[Event "HUN-ch Rapid 2018"]
[Site "Ajka"]
[Date "2018.07.20"]
[Round "5"]
[White "Groszpeter, Attila"]
[Black "Vass, Viktor"]
[Result "0-1"]
[WhiteElo "2438"]
[BlackElo "2275"]
[Annotator "TA"]
[PlyCount "47"]
[EventDate "2018.07.20"]
[EventType "swiss"]
[EventCountry "HUN"]
[SourceTitle "playchess.com"]
[Source "ChessBase"]
[SourceQuality "1"]

{[%evp 20,47,55,54,106,112,89,35,34,33,51,34,33,37,362,379,379,366,367,368,393,355,359,349,379,365,511,468,566,542]} 1. e4 e5 2. Nf3 Nc6 3. Bb5 {[%cal Bf1b5,Bb5a4,Ba4b3][%mdl 32]} a6 4. Ba4 Nf6 5. O-O b5 6. Bb3 Be7 7. Re1 O-O 8. a4 Rb8 9. axb5 axb5 10. c3 d5 {C88: Closed Ruy Lopez: Anti-Marshall Systems} (10... d6 11. h3 Nd7 12. d4 Bf6 13. Be3 Ne7 14. Nbd2 c5 15. Nf1 Bb7 16. Ng3 c4 17. Bc2 g6 18. dxe5 dxe5 19. Qd6 Nc8 20. Qd2 Qe7 21. Nh2 h5 22. Bd1 {0-1 (39) Salgado Lopez,I (2622)-Bartel,M (2641) Dubai 2014}) 11. exd5 {LiveBook: 14 Games} e4 (11... Nxd5 $14 12. Nxe5 Nxe5 13. Rxe5 c6) 12. dxc6 $16 {[#] Strongly threatening Ne5.} exf3 {White is better.} 13. Qxf3 $146 ({But not} 13. gxf3 Bd6 $11) (13. g3 $16) ({Predecessor:} 13. d4 fxg2 14. Bf4 Bd6 15. Bg3 Bg4 {½-½ (15) Calistri,T (2333)-Lalic,B (2523) Cappelle-la-Grande 2002}) 13... Bg4 $14 14. Qg3 {And now d4 would win.} Bd6 15. Qh4 Re8 {[%cal Re8e1] [#]} 16. f3 $1 Bc5+ $2 {[%mdl 8192]} ({Black should play} 16... Bf5 $14) 17. d4 $18 Bxd4+ 18. cxd4 Qxd4+ 19. Kh1 Rxe1+ 20. Qxe1 Re8 {[%cal Re8e1]} 21. Qf1 Bf5 22. Nc3 Qd3 {[%cal Rd3f1]} 23. Bg5 b4 24. Qxd3 {[%mdl 32768] Loss on Time!?} 0-1

[Event "HUN-ch Rapid 2018"]
[Site "Ajka"]
[Date "2018.07.20"]
[Round "5"]
[White "Csiszar, Csaba"]
[Black "Hardicsay, Peter"]
[Result "0-1"]
[WhiteElo "2432"]
[BlackElo "2267"]
[Annotator "NA"]
[PlyCount "93"]
[EventDate "2018.07.20"]
[EventType "swiss"]
[EventCountry "HUN"]
[SourceTitle "playchess.com"]
[Source "ChessBase"]
[SourceQuality "1"]
[TimeControl "1200+5"]

1. d4 {[%emt 0:00:03]} Nf6 {[%emt 0:00:03]} 2. Nf3 {[%emt 0:00:01]} d5 {[%emt 0:00:15]} 3. Bf4 {[%emt 0:00:03]} c5 {[%emt 0:00:12]} 4. dxc5 {[%emt 0:00:01]} Qa5+ {[%emt 0:00:18]} 5. c3 {[%emt 0:00:02]} Qxc5 {[%emt 0:00:02]} 6. e3 {[%emt 0:00:02]} Nc6 {[%emt 0:00:12]} 7. Be2 {[%emt 0:00:09]} Bg4 {[%emt 0:00:25]} 8. b4 {[%emt 0:00:02]} Qb6 {[%emt 0:00:02]} 9. Nbd2 {[%emt 0:00:04]} e6 {[%emt 0:00:12]} 10. a3 {[%emt 0:00:02]} Be7 {[%emt 0:00:35]} 11. c4 {[%emt 0:00:02]} O-O {[%emt 0:00:10]} 12. c5 {[%emt 0:00:02]} Qd8 {[%emt 0:00:03]} 13. O-O {[%emt 0:00:04]} Nd7 {[%emt 0:00:35]} 14. h3 {[%emt 0:00:08]} Bf5 {[%emt 0:00:14]} 15. Nb3 {[%emt 0:01:22]} Bg6 {[%emt 0:00:44]} 16. Rc1 {[%emt 0:00:51]} a6 {[%emt 0:00:35]} 17. Bg3 {[%emt 0:00:14]} Nf6 {[%emt 0:00:40]} 18. Bh2 {[%emt 0:00:51]} Ne4 {[%emt 0:00:25]} 19. Nfd4 {[%emt 0:00:08]} Bf6 {[%emt 0:00:49]} 20. f3 {[%emt 0:00:04]} Bg5 {[%emt 0:01:43]} 21. fxe4 {[%emt 0:00:51]} Bxe3+ {[%emt 0:00:02]} 22. Kh1 {[%emt 0:00:00]} Nxd4 {[%emt 0:01:19]} 23. Nxd4 {[%emt 0:00:07]} Bxc1 {[%emt 0:01:20]} 24. Qxc1 {[%emt 0:00:01]} Bxe4 {[%emt 0:00:04]} 25. Bd6 {[%emt 0:01:03]} Re8 {[%emt 0:00:06]} 26. Qf4 {[%emt 0:00:49]} Qd7 {[%emt 0:02:06]} 27. Bh5 {[%emt 0:01:03]} Bg6 {[%emt 0:01:34]} 28. Bxg6 {[%emt 0:01:13]} hxg6 {[%emt 0:00:03]} 29. Qg3 {[%emt 0:00:16]} Rac8 {[%emt 0:02:23]} 30. Kh2 {[%emt 0:02:54]} a5 {[%emt 0:01:00]} 31. Rf2 {[%emt 0:06:03]} axb4 {[%emt 0:00:18]} 32. axb4 {[%emt 0:00:01]} Ra8 {[%emt 0:00:58]} 33. h4 {[%emt 0:01:37]} Ra4 {[%emt 0:00:26]} 34. Nf3 {[%emt 0:00:09]} f6 {[%emt 0:00:17]} 35. Qxg6 {[%emt 0:00:12]} Rxb4 {[%emt 0:00:37]} 36. g3 {[%emt 0:00:36]} Rc4 {[%emt 0:00:47]} 37. Nd2 {[%emt 0:00:05]} Rd4 {[%emt 0:00:08]} 38. Nb3 {[%emt 0:00:25]} Rb4 {[%emt 0:00:03]} 39. c6 {[%emt 0:00:05]} Qxd6 {[%emt 0:00:09]} 40. Qxe8+ {[%emt 0:00:01]} Kh7 {[%emt 0:00:08]} 41. Qh5+ {[%emt 0:00:11]} Kg8 {[%emt 0:00:01]} 42. Qe8+ {[%emt 0:01:06]} Kh7 {[%emt 0:00:02]} 43. Na5 {[%emt 0:00:00]} Rxh4+ {[%emt 0:00:12]} 44. Kg2 {[%emt 0:00:01]} Rb4 {[%emt 0:00:28]} 45. cxb7 {[%emt 0:00:28]} Qe5 {[%emt 0:00:11]} 46. b8=Q Rxb8 47. Qa4 0-1

[Event "HUN-ch Rapid 2018"]
[Site "Ajka"]
[Date "2018.07.20"]
[Round "5"]
[White "Almasi, Istvan"]
[Black "Marton, Jozsef"]
[Result "1-0"]
[WhiteElo "2416"]
[BlackElo "2088"]
[Annotator "TA"]
[PlyCount "49"]
[EventDate "2018.07.20"]
[EventType "swiss"]
[EventCountry "HUN"]
[SourceTitle "playchess.com"]
[Source "ChessBase"]
[SourceQuality "1"]

{[%evp 22,49,32,29,34,19,18,23,61,52,150,150,247,230,274,278,456,459,458,320,308,228,293,293,284,271,258,256,410,414]} 1. Nf3 d5 2. c4 e6 3. g3 Nf6 4. Bg2 Be7 5. O-O O-O 6. d4 b6 7. cxd5 exd5 8. Nc3 Bb7 9. Bf4 Na6 10. Rc1 c5 11. dxc5 Nxc5 {E18: Queen's Indian: Old Main Line (4 g3 Bb7 5 Bg2 Be7 6 0-0 0-0 7 Nc3)} 12. Be5 {LiveBook: 3 Games} Nfe4 13. Nb5 a6 $146 {The position is equal.} ({Predecessor:} 13... Qd7 14. Nbd4 f6 15. Bf4 g5 16. Bd2 a5 17. Rc2 Rac8 18. Bc1 {1-0 (45) Jumabayev,R (2558)-Annageldyev,O (2418) Mashhad 2011}) 14. Nbd4 Bf6 15. b4 Bxe5 (15... Nd7 $14 16. Bc7 Qe7) 16. Nxe5 $16 Ne6 {[#]} (16... Qe8 $16 {is a better defense.}) 17. Ndc6 $1 $18 {[%cal Rc6d8]} Bxc6 18. Nxc6 ({Less strong is} 18. Rxc6 Re8 $14) 18... Qf6 $2 (18... Qe8 19. Qxd5 Nf6) 19. Qxd5 Nc3 20. Qd3 Na4 21. Qf3 {Qxf6 is the strong threat.} Rae8 22. Qxf6 gxf6 23. Rfd1 b5 24. Rd7 Nb6 $2 {[#]} (24... Kg7 25. e3 Rc8) 25. Ra7 1-0

[Event "HUN-ch Rapid 2018"]
[Site "Ajka"]
[Date "2018.07.20"]
[Round "5"]
[White "Bagi, Mate"]
[Black "Udvardi, Zalan"]
[Result "1-0"]
[WhiteElo "2394"]
[BlackElo "1795"]
[Annotator "NA"]
[PlyCount "113"]
[EventDate "2018.07.20"]
[EventType "swiss"]
[EventCountry "HUN"]
[SourceTitle "playchess.com"]
[Source "ChessBase"]
[SourceQuality "1"]
[TimeControl "1200+5"]

1. e4 {[%emt 0:00:12]} c5 {[%emt 0:00:00]} 2. Nf3 {[%emt 0:00:02]} Nc6 {[%emt 0:00:01]} 3. d4 {[%emt 0:00:05]} cxd4 {[%emt 0:00:01]} 4. Nxd4 {[%emt 0:00:01]} Nf6 {[%emt 0:00:01]} 5. Nc3 {[%emt 0:00:03]} e5 {[%emt 0:00:01]} 6. Ndb5 {[%emt 0:00:05]} d6 {[%emt 0:00:00]} 7. Bg5 {[%emt 0:00:09]} a6 {[%emt 0:00:01]} 8. Na3 b5 9. Nd5 {[%emt 0:00:03]} Be7 {[%emt 0:00:01]} 10. Bxf6 {[%emt 0:00:06]} Bxf6 {[%emt 0:00:01]} 11. c4 {[%emt 0:00:06]} b4 {[%emt 0:00:01]} 12. Nc2 {[%emt 0:00:02]} a5 {[%emt 0:00:00]} 13. g3 {[%emt 0:00:25]} Be6 {[%emt 0:00:03]} 14. Bg2 {[%emt 0:00:04]} O-O {[%emt 0:00:32]} 15. O-O {[%emt 0:00:06]} Bg5 {[%emt 0:00:06]} 16. Qd3 {[%emt 0:00:22]} Rc8 {[%emt 0:00:23]} 17. f4 {[%emt 0:01:14]} Bh6 {[%emt 0:01:36]} 18. Nde3 {[%emt 0:00:54]} Qb6 {[%emt 0:00:12]} 19. Kh1 {[%emt 0:01:06]} a4 {[%emt 0:02:18]} 20. b3 {[%emt 0:00:47]} exf4 {[%emt 0:00:26]} 21. gxf4 {[%emt 0:00:10]} g6 {[%emt 0:00:02]} 22. Rad1 {[%emt 0:01:54]} axb3 {[%emt 0:00:24]} 23. axb3 {[%emt 0:00:03]} Bg7 {[%emt 0:00:09]} 24. f5 {[%emt 0:01:16]} Bd7 {[%emt 0:01:49]} 25. Qxd6 {[%emt 0:02:19]} Rfd8 {[%emt 0:01:20]} 26. Nd5 {[%emt 0:00:31]} Qa7 {[%emt 0:00:27]} 27. Nf6+ {[%emt 0:01:07]} Kh8 {[%emt 0:00:52]} 28. Nxd7 {[%emt 0:00:32]} Rc7 {[%emt 0:00:17]} 29. Qc5 {[%emt 0:02:51]} Rcxd7 {[%emt 0:00:02]} 30. Qxa7 {[%emt 0:00:11]} Nxa7 {[%emt 0:00:03]} 31. Rxd7 {[%emt 0:00:06]} Rxd7 {[%emt 0:00:00]} 32. Nxb4 {[%emt 0:00:04]} Rb7 {[%emt 0:00:09]} 33. Nd5 {[%emt 0:00:26]} Rxb3 {[%emt 0:00:03]} 34. f6 {[%emt 0:00:12]} Bf8 {[%emt 0:00:00]} 35. Ra1 {[%emt 0:00:48]} Bc5 {[%emt 0:00:17]} 36. h4 {[%emt 0:00:47]} h5 {[%emt 0:00:28]} 37. e5 {[%emt 0:00:28]} Nc6 {[%emt 0:00:43]} 38. e6 {[%emt 0:00:18]} fxe6 {[%emt 0:00:14]} 39. Nf4 {[%emt 0:00:03]} Ne5 {[%emt 0:00:23]} 40. Nxe6 {[%emt 0:00:10]} Ba3 {[%emt 0:01:49]} 41. c5 {[%emt 0:00:44]} Rc3 {[%emt 0:01:08]} 42. Re1 {[%emt 0:00:20]} Nf7 {[%emt 0:00:27]} 43. c6 {[%emt 0:00:07]} Bd6 {[%emt 0:00:20]} 44. Ng5 {[%emt 0:00:35]} Nxg5 {[%emt 0:01:55]} 45. hxg5 {[%emt 0:00:02]} Kg8 {[%emt 0:00:06]} 46. Rd1 {[%emt 0:00:10]} Bc7 {[%emt 0:01:34]} 47. Be4 {[%emt 0:00:15]} Rh3+ {[%emt 0:00:10]} 48. Kg2 {[%emt 0:00:02]} Rg3+ {[%emt 0:00:02]} 49. Kf2 {[%emt 0:00:02]} Rxg5 {[%emt 0:00:01]} 50. Rd7 {[%emt 0:00:06]} Bb6+ {[%emt 0:00:28]} 51. Kf3 {[%emt 0:00:02]} Rc5 {[%emt 0:00:32]} 52. Bd5+ {[%emt 0:00:17]} Kh8 {[%emt 0:00:23]} 53. Ke4 {[%emt 0:00:10]} h4 {[%emt 0:00:18]} 54. Rb7 {[%emt 0:00:06]} Ba5 {[%emt 0:00:13]} 55. Rb8+ {[%emt 0:00:06]} Kh7 {[%emt 0:00:07]} 56. f7 {[%emt 0:00:03]} Bc7 {[%emt 0:00:43]} 57. Rh8+ {[%emt 0:00:10]} 1-0

[Event "HUN-ch Rapid 2018"]
[Site "Ajka"]
[Date "2018.07.20"]
[Round "5"]
[White "Galyas, Miklos"]
[Black "Ruck, Robert"]
[Result "0-1"]
[WhiteElo "2382"]
[BlackElo "2570"]
[Annotator "ChessBase"]
[PlyCount "90"]
[EventDate "2018.07.20"]
[EventType "swiss"]
[EventCountry "HUN"]
[SourceTitle "playchess.com"]
[Source "ChessBase"]
[SourceQuality "1"]
[TimeControl "1200+5"]

1. d4 {[%emt 0:00:01]} Nf6 {[%emt 0:00:01]} 2. Nf3 {[%emt 0:00:01]} g6 {[%emt 0:00:09]} 3. Bf4 {[%emt 0:00:07]} Bg7 {[%emt 0:00:01]} 4. e3 {[%emt 0:00:01]} O-O {[%emt 0:00:02]} 5. Be2 {[%emt 0:00:01]} c5 {[%emt 0:00:06]} 6. O-O {[%emt 0:00:25]} cxd4 {[%emt 0:00:40]} 7. exd4 {[%emt 0:00:02]} d6 {[%emt 0:00:02]} 8. Nbd2 {[%emt 0:01:07]} Nc6 {[%emt 0:00:06]} 9. c3 {[%emt 0:00:07]} Be6 {[%emt 0:00:13]} 10. Re1 {[%emt 0:01:38]} Qb6 {[%emt 0:01:58]} 11. Nc4 {[%emt 0:03:01]} Bxc4 {[%emt 0:01:41]} 12. Bxc4 {[%emt 0:00:01]} Qxb2 {[%emt 0:00:30]} 13. Bb3 {[%emt 0:03:20]} Qxc3 {[%emt 0:02:40]} 14. d5 {[%emt 0:00:43]} Na5 {[%emt 0:02:12]} 15. Rc1 {[%emt 0:01:21]} Qb4 {[%emt 0:00:03]} 16. Bd2 {[%emt 0:00:01]} Qb6 {[%emt 0:00:01]} 17. Bxa5 {[%emt 0:02:11]} Qxa5 {[%emt 0:00:02]} 18. Rxe7 {[%emt 0:00:01]} Qb6 {[%emt 0:04:08]} 19. Rcc7 {[%emt 0:01:09]} Ng4 {[%emt 0:02:04]} 20. Qe1 {[%emt 0:00:51]} Rab8 {[%emt 0:00:22]} 21. h3 {[%emt 0:00:58]} Ne5 {[%emt 0:00:01]} 22. Nxe5 {[%emt 0:01:19]} Bxe5 {[%emt 0:00:02]} 23. Qe3 {[%emt 0:00:27]} Qxe3 {[%emt 0:03:18]} 24. fxe3 {[%emt 0:00:01]} Bf6 {[%emt 0:00:58]} 25. Red7 {[%emt 0:00:05]} Bd8 {[%emt 0:00:03]} 26. Rxb7 {[%emt 0:00:18]} Rxb7 {[%emt 0:00:01]} 27. Rxb7 {[%emt 0:00:01]} Bb6 {[%emt 0:00:01]} 28. Re7 {[%emt 0:00:10]} Rc8 {[%emt 0:00:05]} 29. Kf2 {[%emt 0:00:23]} Rc3 {[%emt 0:00:11]} 30. Re8+ {[%emt 0:00:36]} Kg7 {[%emt 0:00:02]} 31. Kf3 {[%emt 0:00:15]} Kf6 {[%emt 0:00:10]} 32. g4 {[%emt 0:00:18]} Rc1 {[%emt 0:00:05]} 33. h4 {[%emt 0:00:29]} h6 {[%emt 0:00:05]} 34. Re4 {[%emt 0:00:25]} Rh1 {[%emt 0:00:18]} 35. Rf4+ {[%emt 0:00:08]} Kg7 {[%emt 0:00:06]} 36. g5 {[%emt 0:00:05]} hxg5 {[%emt 0:00:07]} 37. hxg5 {[%emt 0:00:01]} Rh3+ {[%emt 0:00:01]} 38. Kg4 {[%emt 0:00:09]} Rxe3 {[%emt 0:00:02]} 39. Ba4 {[%emt 0:00:17]} Re5 {[%emt 0:00:03]} 40. Rf6 {[%emt 0:00:30]} Rxg5+ {[%emt 0:00:12]} 41. Kxg5 {[%emt 0:00:02]} Bd8 {[%emt 0:00:02]} 42. Be8 {[%emt 0:00:02]} Bxf6+ {[%emt 0:00:02]} 43. Kf4 {[%emt 0:00:01]} Be5+ {[%emt 0:00:01]} 44. Kf3 {[%emt 0:00:05]} f5 {[%emt 0:00:01]} 45. Bd7 {[%emt 0:00:03]} Kf6 {[%emt 0:00:01]} 0-1